Score 0/20 Timer 06:00
0 Plays Today
% Correct
Glass
77.6%
Singh
76.9%
Gross
69.9%
Totenberg
66%
Shapiro
64.9%
Cornish
63.6%
Kasell
57.2%
Coleman
57%
Inskeep
54.7%
Block
54.3%
% Correct
Siegel
51.8%
Quist-Arcton
49%
Nelson
48.4%
Poggioli
48.1%
Rehm
47.7%
Norris
47%
Liasson
47%
Simon
44.5%
Ashbrook
38.3%
Hockenberry*
34.8%
Remove Ads.
Support Sporcle.
Get the best of Sporcle when you Go Orange. This ad-free experience offers more features, more stats, and more fun while also helping to support Sporcle. Thank you for becoming a member.

You're not logged in!

Compare scores with friends on all Sporcle quizzes.
OR
Log In

Show Comments

Extras

Top Quizzes Today


Score Distribution

Your Account Isn't Verified!

In order to create a playlist on Sporcle, you need to verify the email address you used during registration. Go to your Sporcle Settings to finish the process.

Report this User

Report this user for behavior that violates our Community Guidelines.

Details: